[Event "EU-chT Seniors 65"]
[Site "Swidnica"]
[Date "2025.04.07"]
[Round "3.15"]
[White "Mueller, Gerhard"]
[Black "Mestel, A Jonathan"]
[Result "1/2-1/2"]
[WhiteElo "2052"]
[BlackElo "2449"]
[PlyCount "48"]
[EventDate "2025.04.05"]
[EventType "team-tourn"]
[EventRounds "9"]
[EventCountry "POL"]
[SourceTitle "CB16_2025"]
[SourceDate "2025.04.16"]
[SourceVersion "1"]
[SourceVersionDate "2025.04.16"]
[SourceQuality "1"]
[WhiteTeam "Osnabruck 65"]
[BlackTeam "England 65"]
[WhiteTeamCountry "GER"]
[BlackTeamCountry "ENG"]

1. d4 Nf6 2. Nc3 d5 3. Bg5 Nbd7 4. Nf3 g6 5. e3 Bg7 6. Bd3 c5 7. 0-0 0-0 8. Re1 b6 9. e4 dxe4 10. Nxe4 cxd4 11. Nxd4 Bb7 12. c3 a6 13. Qe2 Re8 14. Rad1 Qc7 15. Nxf6+ Nxf6 16. Bxf6 Bxf6 17. Be4 Rac8 18. Bxb7 Qxb7 19. Rd3 b5 20. Red1 Qb6 21. Qe4 Rc4 22. Qf3 e5 23. Qe3 e4 24. R3d2 Bxd4 1/2-1/2

[Event "EU-chT Seniors 65"]
[Site "Swidnica"]
[Date "2025.04.05"]
[Round "1.15"]
[White "Czajkowski, Ryszard"]
[Black "Mueller, Gerhard"]
[Result "1/2-1/2"]
[WhiteElo "1963"]
[BlackElo "2052"]
[PlyCount "36"]
[EventDate "2025.04.05"]
[EventType "team-tourn"]
[EventRounds "9"]
[EventCountry "POL"]
[SourceTitle "CB16_2025"]
[SourceDate "2025.04.16"]
[SourceVersion "1"]
[SourceVersionDate "2025.04.16"]
[SourceQuality "1"]
[WhiteTeam "Lower Silesia 65"]
[BlackTeam "Osnabruck 65"]
[WhiteTeamCountry "POL"]
[BlackTeamCountry "GER"]

1. d4 d5 2. c4 c6 3. Nf3 Nf6 4. Nc3 e6 5. e3 Nbd7 6. Bd3 dxc4 7. Bxc4 b5 8. Bd3 a6 9. 0-0 c5 10. Qe2 Bb7 11. Rd1 Qb6 12. Bd2 Be7 13. Rac1 0-0 14. Be1 Rfd8 15. Bc2 Nf8 16. dxc5 Bxc5 17. a3 Rxd1 18. Rxd1 Rd8 1/2-1/2

[Event "WchT Seniors 65"]
[Site "Prague"]
[Date "2020.03.09"]
[Round "4.7"]
[White "Dekan, Hans"]
[Black "Mueller, Gerhard"]
[Result "1/2-1/2"]
[WhiteElo "2099"]
[BlackElo "2095"]
[PlyCount "37"]
[EventDate "2020.03.06"]
[EventType "team-swiss"]
[EventRounds "7"]
[EventCountry "CZE"]
[SourceTitle "CBM 195 Extra"]
[Source "ChessBase"]
[SourceDate "2020.05.31"]
[SourceVersion "1"]
[SourceVersionDate "2020.05.31"]
[SourceQuality "1"]
[WhiteTeam "Germany 65 VI"]
[BlackTeam "Germany 65 IX"]
[WhiteTeamCountry "GER"]
[BlackTeamCountry "GER"]

1. e4 c5 2. Nf3 d6 3. d4 cxd4 4. Nxd4 Nf6 5. Nc3 a6 6. Be2 e5 7. Nb3 Be7 8. Bg5 Nbd7 9. Qd3 0-0 10. 0-0-0 b5 11. a4 b4 12. Bxf6 Nxf6 13. Nd5 Nxd5 14. Qxd5 Be6 15. Qa5 Bg5+ 16. Kb1 Bxb3 17. Qxd8 Bxc2+ 18. Kxc2 Rfxd8 19. Kb3 1/2-1/2

[Event "WchT Seniors 65"]
[Site "Prague"]
[Date "2020.03.08"]
[Round "3.15"]
[White "Mueller, Gerhard"]
[Black "Walta, Paivi"]
[Result "1-0"]
[WhiteElo "2095"]
[BlackElo "1681"]
[PlyCount "41"]
[EventDate "2020.03.06"]
[EventType "team-swiss"]
[EventRounds "7"]
[EventCountry "CZE"]
[SourceTitle "CBM 195 Extra"]
[Source "ChessBase"]
[SourceDate "2020.05.31"]
[SourceVersion "1"]
[SourceVersionDate "2020.05.31"]
[SourceQuality "1"]
[WhiteTeam "Germany 65 IX"]
[BlackTeam "Finland 65 III"]
[WhiteTeamCountry "GER"]
[BlackTeamCountry "FIN"]

1. d4 Nf6 2. Nc3 d5 3. Bg5 Nbd7 4. Nf3 g6 5. e3 Bg7 6. Bd3 0-0 7. 0-0 c5 8. Re1 a6 9. a4 c4 10. Bf1 h6 11. Bh4 Re8 12. e4 g5 13. Bg3 Nxe4 14. Nxe4 dxe4 15. Rxe4 f5 16. Bxc4+ Kh8 17. Nxg5 Qb6 18. Re6 Qxb2 19. Rb1 Qc3 20. Rxh6+ Bxh6 21. Qh5 1-0

[Event "WchT Seniors 65"]
[Site "Prague"]
[Date "2020.03.07"]
[Round "2.10"]
[White "Moen, Ole Christian"]
[Black "Mueller, Gerhard"]
[Result "1/2-1/2"]
[WhiteElo "2192"]
[BlackElo "2095"]
[PlyCount "68"]
[EventDate "2020.03.06"]
[EventType "team-swiss"]
[EventRounds "7"]
[EventCountry "CZE"]
[SourceTitle "CBM 195 Extra"]
[Source "ChessBase"]
[SourceDate "2020.05.31"]
[SourceVersion "1"]
[SourceVersionDate "2020.05.31"]
[SourceQuality "1"]
[WhiteTeam "Norway 65"]
[BlackTeam "Germany 65 IX"]
[WhiteTeamCountry "NOR"]
[BlackTeamCountry "GER"]

1. e4 c5 2. Nf3 d6 3. Bb5+ Bd7 4. a4 Nc6 5. 0-0 Nf6 6. Re1 e6 7. c3 a6 8. Bf1 Be7 9. d4 cxd4 10. cxd4 0-0 11. Nc3 Rc8 12. h3 Na5 13. e5 Ne8 14. d5 Nc4 15. Bf4 dxe5 16. Nxe5 Nxe5 17. Bxe5 Bf6 18. Qb3 Bxe5 19. Rxe5 Qc7 20. Rae1 Nf6 21. a5 Rfe8 22. dxe6 Rxe6 23. Rxe6 Bxe6 24. Qb4 Rd8 25. Na4 Bd5 26. Qc5 Rc8 27. Qxc7 Rxc7 28. Nb6 Bc6 29. b4 Kf8 30. Bc4 Re7 31. Rc1 Rc7 32. Be2 Ne8 33. f4 Bb5 34. Rxc7 Nxc7 1/2-1/2

[Event "EUR-chT Seniors 65"]
[Site "Mali Losinj"]
[Date "2019.09.26"]
[Round "9.3"]
[White "Novak, Stjepan"]
[Black "Mueller, Gerhard"]
[Result "0-1"]
[WhiteElo "1503"]
[BlackElo "2104"]
[PlyCount "106"]
[EventDate "2019.09.18"]
[EventType "team-swiss"]
[EventRounds "9"]
[EventCountry "CRO"]
[SourceTitle "EXT 2020"]
[Source "ChessBase"]
[SourceDate "2019.10.17"]
[SourceVersion "1"]
[SourceVersionDate "2019.10.17"]
[SourceQuality "1"]
[WhiteTeam "Mursko Sredisce 65"]
[BlackTeam "Bielefeld Rochade 65"]
[WhiteTeamCountry "CRO"]
[BlackTeamCountry "GER"]

1. e4 c5 2. Bc4 e6 3. Nf3 a6 4. 0-0 b5 5. Be2 Bb7 6. d3 Be7 7. a4 Nc6 8. axb5 axb5 9. Rxa8 Qxa8 10. c3 d6 11. h3 Nf6 12. Nh2 d5 13. f3 d4 14. Na3 Ba6 15. f4 0-0 16. e5 Nd5 17. c4 bxc4 18. dxc4 Nc7 19. Bf3 Bb7 20. Bxc6 Bxc6 21. Rf2 Qa4 22. Qxa4 Bxa4 23. Nf1 f5 24. Kh2 Rb8 25. Nd2 Na6 26. Rf1 Bd8 27. Ndb1 Nb4 28. Nd2 Nd3 29. Kg3 Ba5 30. Nab1 Nxc1 31. Rxc1 Rxb2 32. Nf3 h6 33. Na3 d3 34. Rb1 d2 35. Nxd2 Rxd2 36. Nb5 Rd3+ 37. Kh2 Rb3 38. Ra1 Bxb5 39. Rxa5 Bxc4 40. Rxc5 Bd5 41. Rc2 Ra3 42. Rf2 Ra2 43. Kg3 Rxf2 44. Kxf2 Kf7 45. g4 Be4 46. Kg3 g6 47. h4 h5 48. g5 Ke7 49. Kf2 Kd7 50. Ke3 Kc6 51. Kd4 Kb5 52. Ke3 Kc4 53. Kf2 Kd3 0-1

[Event "EUR-chT Seniors 65"]
[Site "Mali Losinj"]
[Date "2019.09.25"]
[Round "8.3"]
[White "Mueller, Gerhard"]
[Black "Kivimaki, Jaakko"]
[Result "1/2-1/2"]
[WhiteElo "2104"]
[BlackElo "2195"]
[PlyCount "66"]
[EventDate "2019.09.18"]
[EventType "team-swiss"]
[EventRounds "9"]
[EventCountry "CRO"]
[SourceTitle "EXT 2020"]
[Source "ChessBase"]
[SourceDate "2019.10.17"]
[SourceVersion "1"]
[SourceVersionDate "2019.10.17"]
[SourceQuality "1"]
[WhiteTeam "Bielefeld Rochade 65"]
[BlackTeam "Finland 65"]
[WhiteTeamCountry "GER"]
[BlackTeamCountry "FIN"]

1. e4 e5 2. Bc4 Nc6 3. d3 Nf6 4. Nc3 Na5 5. Nf3 Nxc4 6. dxc4 d6 7. 0-0 Be7 8. Qd3 Bg4 9. h3 Bh5 10. Ne2 Qd7 11. Ng3 Bg6 12. Be3 h5 13. Nh4 Bh7 14. Nhf5 Bf8 15. a4 h4 16. Nxh4 Bxe4 17. Nxe4 Rxh4 18. Ng3 Qe6 19. b3 g6 20. Bg5 Rh8 21. Qf3 Nh7 22. Qxb7 Rc8 23. Be3 f5 24. Bxa7 Ng5 25. Qc6+ Ke7 26. Qd5 Qd7 27. f4 c6 28. Qa5 Ra8 29. fxg5 Rxa7 30. Qd2 Bg7 31. Rad1 Qe6 32. Qf2 Rb7 33. Rfe1 Kf7 1/2-1/2

[Event "EUR-chT Seniors 65"]
[Site "Mali Losinj"]
[Date "2019.09.19"]
[Round "2.4"]
[White "Mueller, Gerhard"]
[Black "Herbrechtsmeier, Christof"]
[Result "1/2-1/2"]
[WhiteElo "2104"]
[BlackElo "2210"]
[PlyCount "60"]
[EventDate "2019.09.18"]
[EventType "team-swiss"]
[EventRounds "9"]
[EventCountry "CRO"]
[SourceTitle "EXT 2020"]
[Source "ChessBase"]
[SourceDate "2019.10.17"]
[SourceVersion "1"]
[SourceVersionDate "2019.10.17"]
[SourceQuality "1"]
[WhiteTeam "Bielefeld Rochade 65"]
[BlackTeam "Germany 65"]
[WhiteTeamCountry "GER"]
[BlackTeamCountry "GER"]

1. d4 Nf6 2. Nc3 d5 3. Bg5 c5 4. Bxf6 gxf6 5. e3 e6 6. Nge2 Nc6 7. g3 cxd4 8. exd4 Qb6 9. b3 Bd7 10. a3 Rc8 11. Qd2 Qa5 12. Nb1 Qc7 13. Bg2 h5 14. 0-0 Ne7 15. c3 h4 16. Qf4 Qb6 17. b4 f5 18. Re1 Ng6 19. Qe3 hxg3 20. hxg3 Bh6 21. f4 0-0 22. Kf2 Rfe8 23. Rh1 Kg7 24. Nd2 e5 25. Rxh6 Kxh6 26. fxe5+ Kg7 27. Bxd5 Bc6 28. Bf3 Bxf3 29. Nxf3 f6 30. Rh1 Rh8 1/2-1/2

[Event "GER GM08-A email"]
[Site "GER email"]
[Date "2019.06.19"]
[Round "?"]
[White "Fleetwood, Daniel M"]
[Black "Mueller, Gerhard"]
[Result "1/2-1/2"]
[WhiteElo "2581"]
[BlackElo "2570"]
[PlyCount "85"]
[EventDate "2019.??.??"]
[EventType "tourn (corr)"]
[EventRounds "13"]
[EventCountry "GER"]
[SourceTitle "Corr 2022"]
[Source "ChessBase"]
[SourceDate "2021.10.24"]
[SourceVersion "1"]
[SourceVersionDate "2021.10.24"]
[SourceQuality "1"]

1. e4 c5 2. Nf3 d6 3. d4 cxd4 4. Nxd4 Nf6 5. Nc3 a6 6. Be3 e5 7. Nb3 Be7 8. f3 Be6 9. Qd2 0-0 10. 0-0-0 Nbd7 11. g4 b5 12. g5 b4 13. gxf6 bxc3 14. Qxc3 Nxf6 15. Na5 d5 16. Nc6 d4 17. Nxd8 dxc3 18. Nxe6 cxb2+ 19. Kxb2 Rfb8+ 20. Ka1 fxe6 21. Bc4 Kf7 22. Rd3 Rc8 23. Bb3 a5 24. a4 Bb4 25. Rhd1 Rc6 26. Ka2 Rac8 27. Bc1 Nh5 28. Rd7+ Kf6 29. Rb7 R8c7 30. Rb5 Nf4 31. Bb2 Rc5 32. Rd8 Ne2 33. Re8 Nc3+ 34. Bxc3 Bxc3 35. Bxe6 Bd4 36. c4 Rxb5 37. axb5 Re7 38. Rxe7 Kxe7 39. Bg8 h5 40. Kb3 Kd6 41. Ka4 Bb6 42. Kb3 g5 43. h3 1/2-1/2

[Event "GER GM08-A email"]
[Site "GER email"]
[Date "2019.06.19"]
[Round "?"]
[White "Mueller, Gerhard"]
[Black "Murray, Tim"]
[Result "1/2-1/2"]
[WhiteElo "2570"]
[BlackElo "2564"]
[PlyCount "37"]
[EventDate "2019.??.??"]
[EventType "tourn (corr)"]
[EventRounds "13"]
[EventCountry "GER"]
[SourceTitle "Corr 2022"]
[Source "ChessBase"]
[SourceDate "2021.10.24"]
[SourceVersion "1"]
[SourceVersionDate "2021.10.24"]
[SourceQuality "1"]

1. e4 e5 2. Nf3 Nc6 3. Bb5 Nf6 4. 0-0 Nxe4 5. d4 Nd6 6. Bxc6 dxc6 7. dxe5 Nf5 8. Qxd8+ Kxd8 9. Nc3 Be7 10. h3 Nh4 11. Nxh4 Bxh4 12. Be3 h5 13. Rad1+ Ke8 14. Ne2 Be7 15. Rfe1 Bd7 16. a4 Rd8 17. a5 a6 18. c3 h4 19. b4 1/2-1/2

[Event "GER GM08-A email"]
[Site "GER email"]
[Date "2019.06.19"]
[Round "?"]
[White "Mueller, Gerhard"]
[Black "Oliveira, Joao Carlos De"]
[Result "1/2-1/2"]
[WhiteElo "2570"]
[BlackElo "2586"]
[PlyCount "65"]
[EventDate "2019.??.??"]
[EventType "tourn (corr)"]
[EventRounds "13"]
[EventCountry "GER"]
[SourceTitle "Corr 2024"]
[Source "ChessBase"]
[SourceDate "2023.10.19"]
[SourceVersion "1"]
[SourceVersionDate "2023.10.19"]
[SourceQuality "1"]

1. e4 e5 2. Nf3 Nc6 3. Bb5 a6 4. Ba4 Nf6 5. 0-0 Be7 6. Re1 b5 7. Bb3 d6 8. c3 0-0 9. h3 Nb8 10. d4 Nbd7 11. Nbd2 Bb7 12. Bc2 Re8 13. Nf1 Bf8 14. Ng3 g6 15. a4 c5 16. d5 c4 17. Bg5 h6 18. Be3 Nc5 19. Qd2 h5 20. Ra3 Qc7 21. Rea1 Rab8 22. Qe1 Bc8 23. axb5 axb5 24. Ra5 Rb7 25. Nd2 Bd7 26. R5a3 Reb8 27. b4 cxb3 28. Nxb3 Na4 29. Ne2 Nxc3 30. Nxc3 b4 31. Na5 bxa3 32. Nxb7 Ra8 33. Bd3 1/2-1/2